000 00363nam a2200133Ia 4500
008 240624s9999 xx 000 0 und d
041 _aeng
082 _a363.60954 3IN
100 _a3I NETWORK
245 _aINDIA INFRASTRUCTURE REPORT 2009 LAND A
260 _c2009
_aNew Delhi
_bOxford University press
300 _axx, : 283 : p. : cm. ; 27
365 _cRS
_b30
999 _c13751
_d13751